00906nam a2200229 i 4500001000700000003000900007005001700016007000300033008004100036020001800077080001200095100005600107245011600163260004800279300002700327490005700354650003000411830005800441852003600499999001900535952012200554175647ES-MaACL20250816062553.0t|101115s1981 sp r ||||1| spa d a84-220-0998-6 a111.8521 aSánchez de Muniain y Gil, José María.910259013aLa vida estética b: contribución al conocimiento del hombre / cpor José Mª Sánchez de Muniain y Gil. aMadrid : bLa Editorial Católica, c1981. aXII, 194 p. ; c18 cm.1 aBiblioteca de autores cristianos. Serie Minor ; v6307aEstética2embne914238700aBiblioteca de autores cristianos. pMinorv639189814 aES-MaACLjE-13521 xOlim P-1255 c175647d175647 00104070aATENEOMbATENEOMcDEPO2d2010-11-15eSCl0oE-13521p1184443r2023-02-23 00:00:00w2023-02-23yMONOGRAFIA